000 00337nam a2200133Ia 4500
005 20251222141928.0
008 251222s9999||||xx |||||||||||||| ||spa||
020 _a968-16-6131-1
082 _a372.61/F43C
100 _aFerreiro, Emilia
245 0 _aCultura Escrita y Educación:
264 _bFondo de Cultura Económica
942 _cLIB
999 _c8932
_d8932